Statistics for Tim Burton Filmography

Click here to take the quiz!

General Stats

  • This quiz has been taken 285 times
    (146 since last reset)
  • The average score is 29 of 100

Answer Stats

TypeYearName% Correct
Film Story1990Edward Scissorhands
88%
Film Production1990Edward Scissorhands
88%
Film Director1990Edward Scissorhands
88%
Film Director2005Corpse Bride
82%
Film Production2005Corpse Bride
82%
Film Story2005Corpse Bride
82%
Film Director2010Alice in Wonderland
78%
Film Production1993The Nightmare Before Christmas
77%
Film Story1993The Nightmare Before Christmas
77%
Film Director2005Charlie and the Chocolate Factory
76%
TV Show Writer1989-1991Beetlejuice
75%
TV Show Production1989-1991Beetlejuice
75%
Film Director1988Beetlejuice
75%
Short Film Screenplay1984Frankenweenie
74%
Film Story2012Frankenweenie
74%
Film Director2012Frankenweenie
74%
Film Production2012Frankenweenie
74%
Short Film Director1984Frankenweenie
74%
Film Director2007Sweeney Todd: The Demon Barber of Fleet Street
73%
Film Director1989Batman
67%
Film Production1995Batman Forever
67%
Film Director2003Big Fish
66%
Film Director1999Sleepy Hollow
64%
Film Director1992Batman Returns
60%
Film Production1992Batman Returns
60%
Film Director1994Ed Wood
60%
Film Production1994Ed Wood
60%
Film Director2019Dumbo
59%
Film Production2019Dumbo
59%
Film Director2012Dark Shadows
58%
Film Director2014Big Eyes
49%
Film Production2014Big Eyes
49%
Film Production1996Mars Attacks!
48%
Film Director1996Mars Attacks!
48%
Film Director1985Pee-wee's Big Adventure
46%
Film Cameo1985Pee-wee's Big Adventure
46%
Film Production2016Alice Through the Looking Glass
42%
Film Director2001Planet of the Apes
34%
Web Series Production2022Wednesday
34%
Web Series Director2022Wednesday
34%
Film Cameo2016Miss Peregrine's Home for Peculiar Children
29%
Film Director2016Miss Peregrine's Home for Peculiar Children
29%
Film Director2024Beetlejuice 2
24%
Film Production2024Beetlejuice 2
24%
Short Film Director1982Vincent
22%
Film Production20099
20%
Film Production1996James and the Giant Peach
20%
Film Production2012Abraham Lincoln: Vampire Hunter
11%
TV Short Director1983Hansel and Gretel
8%
TV Short Screenplay1983Hansel and Gretel
8%
Film Puppeteer1979The Muppet Movie
7%
Film Cameo1992Singles
6%
TV Show Director2000The World of Stainboy
6%
TV Show Writer2000The World of Stainboy
6%
Short Film Production1982Luau
5%
Short Film Screenplay1982Luau
5%
Short Film Acting Role1982Luau
5%
Short Film Director1982Luau
5%
Film Artist1985The Black Cauldron
5%
Film Production1994Cabin Boy
4%
Short Film Director1979Doctor of Doom
4%
Short Film Acting Role1979Doctor of Doom
4%
Short Film Screenplay1979Doctor of Doom
4%
Film Cameo2012Men in Black 3
4%
Short Film Director1979Stalk of the Celery Monster
4%
Short Film Screenplay1979Stalk of the Celery Monster
4%
Short Film Production1979Stalk of the Celery Monster
4%
Film Animator1981The Fox and the Hound
4%
Short Film Director19741997
3%
TV Show Writer1993Family Dog
3%
TV Show Production1993Family Dog
3%
Music Video Director2012Here with Me
3%
Short Film Director1979King and Octopus Animation
3%
Short Film Director1971Prehistoric Caveman
3%
Film Artist1978The Lord of the Rings
3%
Short Film Director1972Tim's Dreams
3%
Film Animator1982Tron
3%
Music Video Director2006Bones
2%
Film Participant2004Catwoman
2%
Film Cameo1992Hoffa
2%
Commercial1998Hollywood Chewing-Gum
2%
Short Film Director1971Houdini: The Untold Story
2%
TV Film Screenplay2000Lost in Oz
2%
TV Film Production2000Lost in Oz
2%
Music Video Production2012Powerless
2%
Film Design Consultant1992Stay Tuned
2%
Documentary Appearance2015The Death of "Superman Lives": What Happened?
2%
Short Film Director1971The Island of Doctor Agor
2%
Short Film Screenplay1971The Island of Doctor Agor
2%
Short Film Acting Role1971The Island of Doctor Agor
2%
TV Show Director1986Alfred Hitchcock Presents
1%
TV Show Writer1987Amazing Stories
1%
TV Show Production1987Amazing Stories
1%
TV Show Director1986Faerie Tale Theatre
1%
Film Participant1996Mary Reilly
1%
Commercial2000Timex
1%
Short Film Production2012Vampires Kiss/Blood Inside
1%
Short Film Acting Role2012Vampires Kiss/Blood Inside
1%
Documentary Participant2009Waking Sleeping Beauty
1%
Commercial2021Cadillac
0%

Score Distribution

Percentile by Number Answered

Percent of People with Each Score

Your Score History

You have not taken this quiz since the last reset